00285nam a2200121Ia 4500008004100000041000900041082001800050100000800068245002900076260004200105300000800147650000800155230718s9999 xx 000 0 und d aEng. a342.82bFLY-C afly 0aConsecutional Mistory of aPakistanbصفورک ہاؤسc1958 a144 aLaw